Eucaristía: enciclopedia

Spremljeno u:
Bibliografski detalji
Glavni autor: Brillant, Maurice (Autor)
Format: Knjiga
Jezik:španjolski
Izdano: Buenos Aires Dedebec 1949
Teme:
Oznake: Dodaj oznaku
Bez oznaka, Budi prvi tko označuje ovaj zapis!

MARC

LEADER 00000nam a2200000 a 4500
001 UCR8279
003 CL-VaPUC
008 980529e19490000AG |||||||||||||||||spa|d
082 0 4 |a 234.163  |b BRI  |2 21 
100 0 |a Brillant, Maurice  |e author  |9 409929 
245 1 0 |a Eucaristía: enciclopedia 
300 |a 651 p 
942 |c BK 
945 |d 19980529 00:00:00  |a rbrito 
260 |a Buenos Aires  |b Dedebec  |c 1949 
650 0 |a Eucaristía  |9 257336 
650 7 |a DOCTRINA CRISTIANA  |2 CL-VaPUC  |9 339115 
650 0 |a Sacramentos   |9 257270 
650 0 |a Misa  |9 329325 
650 0 |a Enciclopedias  |9 264135 
650 0 |a Diccionarios  |9 256200 
583 |a last modification  |c 19980529 00:00:00  |k Rodrigo Vera 
999 |c 269741  |d 269739 
952 |0 0  |1 0  |4 0  |6 234_163000000000000_BRI_1949  |7 0  |8 P  |9 303676  |a BIBTEO  |b BIBTES  |c TEO_FTES  |d 2019-11-20  |i 3384764  |o 234.163 BRI 1949  |p 3384764  |r 2024-01-18  |w 2019-11-20  |y BK  |k ICR